Ethics, practice and future of islamic banking and finance /
محفوظ في:
| المؤلف الرئيسي: | |
|---|---|
| التنسيق: | غير معروف |
| اللغة: | English |
| منشور في: |
[Place of publication not identified] :
publisher not identified],
2010
|
| الوسوم: |
إضافة وسم
لا توجد وسوم, كن أول من يضع وسما على هذه التسجيلة!
|
| LEADER | 008220000a22002050004500 | ||
|---|---|---|---|
| 008 | 140701t2010 a g m 000 0 eng u | ||
| 040 | |a UIAM |b eng |e rda | ||
| 084 | |a BPH254 | ||
| 100 | 1 | |a Montgomery, John | |
| 245 | 1 | 0 | |a Ethics, practice and future of islamic banking and finance / |c by John Montgomery |
| 264 | 1 | |a [Place of publication not identified] : |b publisher not identified], |c 2010 | |
| 300 | |a 97 leaves : |b illustrations ; |c 30 cm. | ||
| 336 | |2 rdacontent |a text | ||
| 337 | |2 rdamedia |a unmediated | ||
| 338 | |2 rdacarrier |a volume | ||
| 504 | |a Includes bibliographical references (leaves [89]-97) | ||
| 596 | |a 4 | ||
| 900 | |a nan-hj-sar-ros | ||
| 999 | |c 438688 |d 470203 | ||
| 952 | |0 0 |6 TI BPH 254 M66 2010 |7 0 |8 THESES |9 759742 |a IIiBFL |b IIiBFL |c CLOSEACCES |g 275.00 |o ti BPH 254 M66 2010 |p 11100324183 |r 2018-01-30 |t 1 |v 275.00 |y THESIS | ||
